|
|
|
|
| LEADER |
00682cam a2200205 7i4500 |
| 001 |
0000024650 |
| 005 |
20100617090000.0 |
| 090 |
0 |
0 |
|a P 684.1
|b CEN
|
| 110 |
2 |
0 |
|a Centre for Industrial Studies (CSIL)
|
| 245 |
2 |
4 |
|a The Office furniture markets in Poland, Hungary, Czech Republic and Romania.
|
| 260 |
0 |
0 |
|a Milan:
|b Centre for Industrial Studies (CSIL),
|c 2009.
|
| 300 |
# |
# |
|a 100 p.
|
| 440 |
0 |
0 |
|a Multi client research : July 2009
|
| 650 |
0 |
0 |
|a Hungary
|
| 650 |
0 |
0 |
|a Poland
|
| 650 |
0 |
0 |
|a Romania
|
| 650 |
0 |
0 |
|a Czech Republic
|
| 650 |
0 |
0 |
|a Office furniture --
|x Markets
|
| 650 |
0 |
0 |
|a Furniture industry and trade --
|x Markets
|
| 999 |
|
|
|a B000025518
|b Book
|c Products
|e Business Information Centre
|